<?xml version="1.0" encoding="UTF-8"?>
<record
    xmlns:xsi="http://www.w3.org/2001/XMLSchema-instance"
    xsi:schemaLocation="http://www.loc.gov/MARC21/slim http://www.loc.gov/standards/marcxml/schema/MARC21slim.xsd"
    xmlns="http://www.loc.gov/MARC21/slim">

  <leader>00220nam a2200085   4500</leader>
  <controlfield tag="001">1256382</controlfield>
  <controlfield tag="005">20251227125835.0</controlfield>
  <datafield tag="245" ind1=" " ind2=" ">
    <subfield code="a">B&#x130;L&#x130;M DEDEKT&#x130;FLER&#x130; G&#xDC;&#xC7; TA&#x15E;I</subfield>
    <subfield code="c">EM&#x130;R HERSAN &amp; SEV&#x130;L BAL</subfield>
  </datafield>
  <datafield tag="260" ind1=" " ind2=" ">
    <subfield code="b">T&#x130;MA&#x15E; YAYINLARI</subfield>
  </datafield>
  <datafield tag="999" ind1=" " ind2=" ">
    <subfield code="c">1256382</subfield>
    <subfield code="d">1256382</subfield>
  </datafield>
  <datafield tag="952" ind1=" " ind2=" ">
    <subfield code="0">0</subfield>
    <subfield code="1">0</subfield>
    <subfield code="2">ddc</subfield>
    <subfield code="4">0</subfield>
    <subfield code="7">0</subfield>
    <subfield code="a">1058</subfield>
    <subfield code="b">1058</subfield>
    <subfield code="d">2025-12-27</subfield>
    <subfield code="l">0</subfield>
    <subfield code="o">Q16</subfield>
    <subfield code="p">105810384</subfield>
    <subfield code="r">2025-12-27 12:59:00</subfield>
    <subfield code="w">2025-12-27</subfield>
    <subfield code="y">BK</subfield>
  </datafield>
</record>
